Brincando maracatu (Record no. 70426)

MARC details
000 -LÍDER
campo de controle de tamanho fixo 00374 a2200169 4500
001 - NÚMERO DE CONTROLE
campo de controle 70426
020 ## - ISBN - INTERNATIONAL STANDARD BOOK NUMBER
ISBN - International Standard Book Number 9788537304262
040 ## - FONTE DA CATALOGAÇÃO
Instituição que transcreveu o registro Anchieta - Itaigara
100 ## - ENTRADA PRINCIPAL--NOME PESSOAL
Nome pessoal Vicente, Valéria
240 10 - TÍTULO UNIFORME
Título uniforme Brincando maracatu
Idioma da obra por
245 10 - TÍTULO
Título Brincando maracatu
300 ## - DESCRIÇÃO FÍSICA
Extensão 41
362 0# - DATAS DE PUBLICAÇÃO E/OU DESIGNAÇÃO SEQUENCIAL
Datas de publicação e/ou designação sequencial 2008
440 #1 - DECLARAÇÃO DE SÉRIE/ENTRADA ADICIONADA--TÍTULO
Título Bagaço
650 #4 - ASSUNTO--TERMO TÓPICO
Cabeçalho tópico ou nome geográfico Literatura infanto-juvenil
942 ## - ELEMENTOS DE ENTRADA ADICIONADOS (KOHA)
Tipo de material Koha Livros
Holdings
Situação do descarte Situação das perdas Situação física Não pode ser emprestado Biblioteca de origem Biblioteca atual Data de aquisição Total de empréstimos Número de chamada completo Código de barras Data de último acesso Data do preço efetivo Tipo de material Koha
        Colégio São Paulo Colégio São Paulo 21/11/2023   028.5 VIC BRI 3823/ITA 21/11/2023 21/11/2023 Livros